[Event "Hyeres op"]
[Site "Hyeres"]
[Date "2013.02.17"]
[Round "4"]
[White "Boelen, Alexander"]
[Black "Hadzikaric, Mirsad"]
[Result "1-0"]
[WhiteElo "1886"]
[BlackElo "1762"]
[PlyCount "31"]
[EventDate "2013.02.16"]
[EventType "swiss"]
[EventRounds "9"]
[EventCountry "FRA"]
[SourceTitle "EXT 2024"]
[Source "ChessBase"]
[SourceDate "2023.10.10"]
[SourceVersion "1"]
[SourceVersionDate "2023.10.10"]
[SourceQuality "1"]

1. e4 e6 2. Nf3 f6 3. d4 Bb4+ 4. c3 Ba5 5. Bd3 Ne7 6. 0-0 Kf7 7. Be3 Bb6 8. Nbd2 a5 9. Nc4 c6 10. Nd6+ Kf8 11. Ng5 Qc7 12. e5 Nf5 13. Bxf5 g6 14. Ngf7 exf5 15. Bh6+ Kg8 16. exf6 1-0

[Event "Hyeres op"]
[Site "Hyeres"]
[Date "2013.02.16"]
[Round "2"]
[White "Boelen, Alexander"]
[Black "Chung, Mathilde"]
[Result "1/2-1/2"]
[WhiteElo "1886"]
[BlackElo "1807"]
[PlyCount "159"]
[EventDate "2013.02.16"]
[EventType "swiss"]
[EventRounds "9"]
[EventCountry "FRA"]
[SourceTitle "EXT 2024"]
[Source "ChessBase"]
[SourceDate "2023.10.10"]
[SourceVersion "1"]
[SourceVersionDate "2023.10.10"]
[SourceQuality "1"]

1. e4 c5 2. b4 cxb4 3. a3 d5 4. exd5 Qxd5 5. Nf3 e5 6. Bb2 Nc6 7. c4 Qe6 8. Bd3 Bd6 9. 0-0 f6 10. Re1 Nge7 11. axb4 Nxb4 12. Be4 Qxc4 13. d4 f5 14. dxe5 Bc5 15. Na3 Qf7 16. e6 Bxe6 17. Ne5 Qg8 18. Qa4+ Kf8 19. Bxb7 Rb8 20. Nd7+ Bxd7 21. Qxd7 Qf7 22. Rad1 Qe8 23. Qxe8+ Kxe8 24. Bf3 Nd3 25. Rxd3 Rxb2 26. Nc4 Bxf2+ 27. Kf1 Bxe1 28. Nxb2 Bb4 29. Rb3 Bd6 30. Nc4 Bxh2 31. Kf2 Bc7 32. Rb7 Kd7 33. Rxa7 Rb8 34. Ne5+ Kc8 35. Ke2 Rb2+ 36. Kd3 g5 37. Ra8+ Rb8 38. Ra7 g4 39. Bd1 Nd5 40. Nc6 Rb6 41. Nd4 Nf4+ 42. Kc4 Nxg2 43. Nxf5 h5 44. Ra8+ Kd7 45. Ba4+ Ke6 46. Ng7+ Kf6 47. Nxh5+ Kg5 48. Be8 Rh6 49. Ng7 Be5 50. Ra5 Kf4 51. Nh5+ Kf5 52. Kd3 Rxh5 53. Bxh5 Nf4+ 54. Ke3 Nxh5 55. Kf2 g3+ 56. Kf3 Kf6 57. Ra6+ Kg5 58. Ra5 Kf5 59. Ra4 Nf6 60. Ra5 Ne4 61. Ra4 Ng5+ 62. Kg2 Bf4 63. Rb4 Kg4 64. Rb7 Nf3 65. Rg7+ Bg5 66. Rg8 Nh4+ 67. Kg1 Kh3 68. Kf1 Nf3 69. Rh8+ Bh4 70. Rg8 Bg5 71. Rh8+ Nh4 72. Re8 g2+ 73. Kf2 Kh2 74. Re1 Bd8 75. Rb1 Nf5 76. Kf3 Bb6 77. Rb2 Nh4+ 78. Kg4 Ng6 79. Kf5 Bd4 80. Rxg2+ 1/2-1/2

[Event "Marseille op 4th"]
[Site "Marseille"]
[Date "2011.12.29"]
[Round "7"]
[White "Boelen, Alexander"]
[Black "Bertrand, Alexandre"]
[Result "1-0"]
[WhiteElo "1866"]
[BlackElo "1645"]
[PlyCount "35"]
[EventDate "2011.12.26"]
[EventType "swiss"]
[EventRounds "9"]
[EventCountry "FRA"]
[SourceTitle "CBM 146 Extra"]
[Source "ChessBase"]
[SourceDate "2012.02.29"]
[SourceVersion "1"]
[SourceVersionDate "2012.02.29"]
[SourceQuality "1"]

1. e4 Nf6 2. e5 Nd5 3. Nc3 Nxc3 4. dxc3 d6 5. Nf3 Bg4 6. Bc4 Nc6 7. Bxf7+ Kxf7 8. Ng5+ Kg8 9. Qxg4 Qc8 10. e6 Ne5 11. Qf4 Qe8 12. Qe4 h6 13. Nf7 Nxf7 14. exf7+ Qxf7 15. Qxb7 Qe6+ 16. Be3 Qc8 17. Qxc8 Rxc8 18. Bxa7 1-0

[Event "Marseille op 4th"]
[Site "Marseille"]
[Date "2011.12.28"]
[Round "6"]
[White "Sanchez, Frederic"]
[Black "Boelen, Alexander"]
[Result "1-0"]
[WhiteElo "1684"]
[BlackElo "1866"]
[PlyCount "125"]
[EventDate "2011.12.26"]
[EventType "swiss"]
[EventRounds "9"]
[EventCountry "FRA"]
[SourceTitle "CBM 146 Extra"]
[Source "ChessBase"]
[SourceDate "2012.02.29"]
[SourceVersion "1"]
[SourceVersionDate "2012.02.29"]
[SourceQuality "1"]

1. d4 d5 2. Bf4 Nc6 3. e3 Nf6 4. Nf3 Bg4 5. Be2 e6 6. c4 Bd6 7. Bg5 Be7 8. Nc3 h6 9. Bh4 0-0 10. 0-0 Bh5 11. Nd2 Bg6 12. a3 Qd7 13. Bg3 a6 14. Rc1 Bd6 15. cxd5 exd5 16. Nb3 b6 17. Bf3 Bxg3 18. hxg3 Rad8 19. Be2 Nb8 20. Bd3 Bxd3 21. Qxd3 Qg4 22. Nd2 Rfe8 23. Nf3 Qh5 24. Ne2 c5 25. Nf4 c4 26. Qc2 Qg4 27. Ne5 Qc8 28. Ne2 Ng4 29. Nxg4 Qxg4 30. Nc3 b5 31. Qd2 Rd6 32. Ne2 g5 33. Qb4 Rde6 34. Nc3 Qf5 35. Qc5 Rd8 36. a4 Rc6 37. Qe7 Rcd6 38. axb5 Qc8 39. Qa7 axb5 40. Nxb5 Ra6 41. Qe7 Rd7 42. Qe5 Nc6 43. Qf5 Rb6 44. Nc3 Nb4 45. Rb1 Qc6 46. g4 Qe6 47. Qf3 Nd3 48. Na4 Rb4 49. Nc3 Nxb2 50. Qe2 Rdb7 51. Qd2 Rb3 52. f4 Qd6 53. fxg5 hxg5 54. e4 Qb4 55. Qxg5+ Kf8 56. Nxd5 Qd6 57. Rf6 Qg3 58. Rf4 Nd3 59. Qh6+ Ke8 60. Qh8+ Kd7 61. Rxf7+ Kc6 62. Qc8+ Rc7 63. Rxc7+ 1-0

[Event "Marseille op 4th"]
[Site "Marseille"]
[Date "2011.12.27"]
[Round "3"]
[White "Boelen, Alexander"]
[Black "Derige Kane, Yan"]
[Result "1-0"]
[WhiteElo "1866"]
[BlackElo "1580"]
[PlyCount "59"]
[EventDate "2011.12.26"]
[EventType "swiss"]
[EventRounds "9"]
[EventCountry "FRA"]
[SourceTitle "CBM 146 Extra"]
[Source "ChessBase"]
[SourceDate "2012.02.29"]
[SourceVersion "1"]
[SourceVersionDate "2012.02.29"]
[SourceQuality "1"]

1. e4 e5 2. d4 exd4 3. c3 c5 4. Nf3 Nc6 5. Bc4 Be7 6. 0-0 d6 7. cxd4 cxd4 8. Nxd4 Nf6 9. Nc3 0-0 10. Bb3 Bg4 11. f3 Bh5 12. Be3 Qb6 13. Nf5 Qd8 14. Qd2 Bg6 15. Nxe7+ Qxe7 16. Rfd1 Rad8 17. Qf2 a6 18. Rd2 Na5 19. Bd5 Rd7 20. Rad1 Nxd5 21. Nxd5 Qe6 22. Nb6 Rdd8 23. b3 Rfe8 24. Nd5 Rd7 25. Bb6 Nc6 26. Nc7 Rxc7 27. Bxc7 Qd7 28. Qb6 Rc8 29. Rxd6 Qxc7 30. Qxc7 1-0

[Event "Marseille op 4th"]
[Site "Marseille"]
[Date "2011.12.27"]
[Round "4"]
[White "Giua, Frederic"]
[Black "Boelen, Alexander"]
[Result "1-0"]
[WhiteElo "2187"]
[BlackElo "1866"]
[PlyCount "87"]
[EventDate "2011.12.26"]
[EventType "swiss"]
[EventRounds "9"]
[EventCountry "FRA"]
[SourceTitle "CBM 146 Extra"]
[Source "ChessBase"]
[SourceDate "2012.02.29"]
[SourceVersion "1"]
[SourceVersionDate "2012.02.29"]
[SourceQuality "1"]

1. d4 d5 2. Nf3 Nc6 3. Bf4 Bg4 4. Nbd2 Nf6 5. h3 Bh5 6. c3 e6 7. e3 Bd6 8. Qa4 Bxf4 9. exf4 0-0 10. Bb5 Bxf3 11. Nxf3 Ne7 12. 0-0 Nf5 13. Bd3 Nd6 14. Qc2 h6 15. Rfe1 Nfe4 16. Nd2 Qh4 17. Nxe4 dxe4 18. Bxe4 Qxf4 19. Bf3 c6 20. Qb3 Rad8 21. a4 Rd7 22. Re5 Rc8 23. Rae1 b6 24. a5 b5 25. Qb4 Nc4 26. Rc5 Rdc7 27. b3 Nd2 28. Re3 Nxf3+ 29. Rxf3 Qd6 30. Rxb5 Qxb4 31. Rxb4 c5 32. dxc5 Rxc5 33. Rb7 R8c7 34. Rxc7 Rxc7 35. Kf1 Kf8 36. Ke2 Ke7 37. Kd3 Kd6 38. c4 Kc5 39. Kc3 Rb7 40. Rd3 a6 41. Rd8 f5 42. Ra8 e5 43. Rxa6 e4 44. Re6 1-0

[Event "Marseille op 4th"]
[Site "Marseille"]
[Date "2011.12.26"]
[Round "1"]
[White "Boelen, Alexander"]
[Black "Raynaud, Alexia"]
[Result "1-0"]
[WhiteElo "1866"]
[BlackElo "1401"]
[PlyCount "75"]
[EventDate "2011.12.26"]
[EventType "swiss"]
[EventRounds "9"]
[EventCountry "FRA"]
[SourceTitle "CBM 146 Extra"]
[Source "ChessBase"]
[SourceDate "2012.02.29"]
[SourceVersion "1"]
[SourceVersionDate "2012.02.29"]
[SourceQuality "1"]

1. e4 c6 2. d4 d5 3. f3 Nd7 4. Nc3 Nb6 5. Bf4 f5 6. Qd2 Nf6 7. 0-0-0 fxe4 8. Qe3 exf3 9. Nxf3 Bf5 10. Ne5 e6 11. Be2 Bd6 12. Qg3 Qc7 13. Rhf1 0-0-0 14. Kb1 h6 15. h4 Ne4 16. Nxe4 Bxe4 17. Bg4 Rde8 18. Qh3 g5 19. Bxe6+ Kb8 20. Bh2 Bxg2 21. Qxg2 Rxe6 22. Rf7 Re7 23. Rxe7 Qxe7 24. Ng6 Qd8 25. Bxd6+ Qxd6 26. Nxh8 Qf6 27. Qg3+ Kc8 28. Qe5 Qf3 29. Re1 gxh4 30. Qe8+ Kc7 31. Nf7 Nc8 32. Qd8+ Kb8 33. Nd6 Qg4 34. Qxc8+ Qxc8 35. Nxc8 Kxc8 36. Rh1 Kd7 37. Rxh4 Ke7 38. Rxh6 1-0